000 01572 a2200157 4500
003 OSt
005 20251212122118.0
008 251212b |||||||| |||| 00| 0 eng d
020 _a9780143452126
100 _aForoux D.
_9215446
245 _aDo it Today
260 _bPenguin Random House India
_c2020
_aHaryana
300 _a143pp.
520 _aAre you also tired of putting off your dreams until “tomorrow?” Guess what! Tomorrow never comes. Am I right? I’ve procrastinated and put off my desire to write a book for a decade. I always came up with excuses like, “it’s not the right time.” Or, “I need to do more research.” But in 2015 I got tired of this endless procrastination, and finally took action. Six months later, my first book was published. Look, we all have limited time on our hands. And we’re getting closer to death every single minute. That shouldn’t scare you. That should motivate you! Time is limited, that’s why we must do the things we want: Today. In this “best of” collection, I’ve handpicked 30 of my best articles that help you to overcome procrastination, improve your productivity, and achieve all the things you always wanted. Plus, I’ve written an extensive introduction about my life and work philosophy. In Do It Today, you’ll learn: Why we procrastinate and how we can overcome it How to increase your productivity without being stressful How to achieve more meaningful things in your life so you can enjoy it more Are you ready to start reading this book?
942 _cBK
_2ddc
999 _c369355
_d369355